000
00320nam a22001217a 4500
008
170308b xxu||||| |||| 00| 0 eng d
041
_a
eng
080
_a
611
100
_a
6
101
_a
SHM
245
_a
LABORATORY MANUAL FOR HUMAN ANATOMY FOR USE WITH MODELS AND PROSECTED CADAVERS
_c
EROSCHENKO, V.P
942
_2
udc
_c
BK
999
_c
7240
_d
7240